| 000 | 00850cam a22002411i 4500 | ||
|---|---|---|---|
| 003 | SA-RiAUC | ||
| 005 | 20250222063133.0 | ||
| 008 | 250222s1992 le g 000 0 ara c | ||
| 040 |
_aAE-AiULD _bara _cSA-RiAUC _erda |
||
| 082 | 0 | 4 | _a212 |
| 090 |
_a212 _bا س ل |
||
| 245 | 0 | 0 |
_aالإسلام ومكارم الأخلاق / _cبأقلام عشرة من علماء الإسلام. |
| 250 | _aالطبعة الأولى. | ||
| 264 | 1 |
_aبيروت : _bدار الكاتب العربي، _c1992 |
|
| 300 |
_a120 صفحة ؛ _c24 سم |
||
| 336 |
_aنص _btxt _2rdacontent _3كتاب |
||
| 337 |
_aبدون وسيط _bn _2rdamedia |
||
| 338 |
_aمجلد _bnc _2rdacarrier |
||
| 650 | 7 |
_aالأخلاق الإسلامية _2aucsh |
|
| 650 | 7 |
_aالآداب الإسلامية _2aucsh |
|
| 942 |
_2ddc _cBOOK _n0 |
||
| 949 |
_aSA-JeALM _d250222 _ukhaled123 _n1 |
||
| 999 |
_c6139 _d6139 |
||